Is Feminist Philosophy Philosophy? /

Obra que reúne las ponencias presentadas en la conferencia titulada Is Feminist Philosophy Philosophy?, realizada en 1993 en La Nueva Escuela de Investigación Social, con sede en Nueva York. Ahí se abordaron cuestiones relacionadas con legitimidad de la filosofía feminista como disciplina dentro del...

Descripción completa

Guardado en:
Detalles Bibliográficos
Autor corporativo: Conference Is Feminist Philosophy Philosophy? ( Nueva York, EUA)
Otros autores: Bianchi, Emanuela (edición) (edición)
Formato: Procedimiento de la conferencia Libro
Idioma:Inglés
Publicado: Evanston, EUA : Northwestern University, 1999, c1999
Colección:(Studies in Phenomenology and Existential Philosophy)
Temas:
Etiquetas: Agrega una etiqueta
Sin etiquetas, Sé el primero en etiquetar este registro!

MARC

LEADER 00000nam^a2200000^a^4500
001 000417559
005 20250521000000.0
009 20260310122354.852
020 |a 0-8101-1594-8 
037 |a Acervo Xavier Clavigero 
041 |a ING 
082 |a 305. 42  |b CON 1993 
111 |a Conference Is Feminist Philosophy Philosophy? (  |d 1993 :  |c Nueva York, EUA) 
245 1 0 |a Is Feminist Philosophy Philosophy? /  |c Ed. de E. Bianchi. 
264 4 |a Evanston, EUA :  |b Northwestern University,  |c 1999, c1999 
300 |a XXVII, 266 p. 
336 |a texto  |b txt  |2 rdacontenido 
337 |a sin mediación  |b n  |2 rdamedio 
338 |a volumen  |b nc  |2 rdasoporte 
440 1 |a (Studies in Phenomenology and Existential Philosophy) 
520 |a Obra que reúne las ponencias presentadas en la conferencia titulada Is Feminist Philosophy Philosophy?, realizada en 1993 en La Nueva Escuela de Investigación Social, con sede en Nueva York. Ahí se abordaron cuestiones relacionadas con legitimidad de la filosofía feminista como disciplina dentro del ámbito global de la filosofía. 
521 |a Peticiones 2020 
649 |a XX 
650 |a Identidad 
650 |a Diferencia y Otredad 
650 |a Feminismo -  |x Congresos -  |x Tema Principal 
650 |a Feminismo -  |x Filosofía -  |x Tema Principal 
650 |a Feminismo -  |x Teoría 
650 |a Filosofía -  |x Historia y Crítica 
700 |a Bianchi, Emanuela  |e (edición) 
910 |a Fondo General 
920 |a Impresos - Libros 
930 |a Colección General 
905 |a 101 
901 |a 417559001  |b IT1  |c ACC  |i C2024  |u 20250521 
902 |a https://opac.biblio.iteso.mx/vufind/Record/000417559